| 000 -CABECERA |
| Longitud fija campo de control |
01024nam a22002537a 4500 |
| 003 - IDENTIFICADOR DEL NÚMERO DE CONTROL |
| Identificador del número de control |
OSt |
| 005 - FECHA Y HORA DE LA ÚLTIMA TRANSACCIÓN |
| Fecha y hora de la última transacción |
20151016134802.0 |
| 008 - CÓDIGOS DE INFORMACIÓN DE LONGITUD FIJA |
| Códigos de información de longitud fija |
130507s2010 sp ||||| |||| 00| 0 spa d |
| 020 ## - NÚMERO INTERNACIONAL NORMALIZADO PARA LIBROS |
| Número Internacional Normalizado para Libros (ISBN) |
9788492860296 |
| 040 ## - FUENTE DE LA CATALOGACIÓN |
| Centro transcriptor |
CDMR |
| Lengua de catalogación |
cat |
| 245 00 - MENCIÓN DE TÍTULO |
| Título |
Comunicación y desarrollo |
| Resto del título |
: pasos hacia la coherencia |
| Mención de responsabilidad, etc. |
Raquel Martínez-Gómez, Mario Lubetkin (coordinadores) |
| 260 ## - PUBLICACIÓN, DISTRIBUCIÓN, ETC. (PIE DE IMPRENTA) |
| Lugar de publicación, distribución, etc. |
Sevilla |
| -- |
Zamora |
| Nombre del editor, distribuidor, etc. |
Comunicación Social |
| Fecha de publicación, distribución, etc. |
2010 |
| 300 ## - DESCRIPCIÓN FÍSICA |
| Extensión |
220 p |
| 490 0# - MENCIÓN DE SERIE |
| Mención de serie |
Tiempos |
| Designación de volumen o secuencia |
1 |
| 500 ## - NOTA GENERAL |
| Nota general |
Recull les ponències de la trobada que va tenir lloc al juliol de 2009 a la Universitat Internacional Menéndez Pelayo (UIMP) |
| 650 04 - PUNTO DE ACCESO ADICIONAL DE MATERIA - TÉRMINO DE MATERIA |
| 9 (RLIN) |
2757 |
| Término de materia o nombre geográfico como elemento inicial |
Mitjans de comunicació de massa |
| Subdivisión de materia general |
Aspectes socials |
| 650 04 - PUNTO DE ACCESO ADICIONAL DE MATERIA - TÉRMINO DE MATERIA |
| 9 (RLIN) |
4427 |
| Término de materia o nombre geográfico como elemento inicial |
Mitjans de comunicació de massa en el desenvolupament comunitari |
| 650 04 - PUNTO DE ACCESO ADICIONAL DE MATERIA - TÉRMINO DE MATERIA |
| 9 (RLIN) |
4364 |
| Término de materia o nombre geográfico como elemento inicial |
Política de la comunicació |
| 650 04 - PUNTO DE ACCESO ADICIONAL DE MATERIA - TÉRMINO DE MATERIA |
| 9 (RLIN) |
2190 |
| Término de materia o nombre geográfico como elemento inicial |
Comunicació internacional |
| 700 1# - PUNTO DE ACCESO ADICIONAL - NOMBRE DE PERSONA |
| 9 (RLIN) |
3340 |
| Nombre de persona |
Martínez-Gómez, Raquel |
| 700 1# - PUNTO DE ACCESO ADICIONAL - NOMBRE DE PERSONA |
| 9 (RLIN) |
3341 |
| Nombre de persona |
Lubetkin, Mario |
| 710 2# - PUNTO DE ACCESO ADICIONAL - NOMBRE DE ENTIDAD |
| 9 (RLIN) |
4393 |
| Nombre de entidad o nombre de jurisdicción como elemento inicial |
Universidad Internacional Menéndez Pelayo |
| 942 ## - ENTRADA DE ELEMENTOS AGREGADOS (KOHA) |
| Fuente de clasificaión o esquema |
|
| Koha [por defecto] tipo de item |
Monografies |